000 01932cam a2200541 i 4500
001 19323
003 KOSZ 005
005 20250806064221.0
008 250731s1980 pl a f 000 0 pol
015 _aUWD 1980/10143
035 _a991013579739705066
035 _a(PL-WaBN)b13657082-48omnis_nlop
035 _ab13657082
035 _a(OCoLC)830240713
035 _azz2004913644
035 _a(PL)b0000001365708
035 _a(EXLNZ-48OMNIS_NETWORK)9910395762105606
040 _aWA N
_cWA N
_dKOSZ 005/RW
041 0 _apol
_beng
_brus
046 _k1980
080 _a621.9
080 _a531.7
100 1 _aNowicki, Bogdan
_d(1937-2022)
_eAutor
245 1 0 _aBadania mikrostruktury geometrycznej powierzchni obrobionych i metod jej oceny /
_cBogdan Nowicki.
260 _aWarszawa :
_bWydawnictwa Politechniki Warszawskiej,
_c1980.
300 _a164 strony :
_bilustracje, tabele, wykresy ;
_c24 cm.
336 _aTekst
_btxt
_2rdacontent
337 _aBez urządzenia pośredniczącego
_bn
_2rdamedia
338 _aWolumin
_bnc
_2rdacarrier
380 _aKsiążki
380 _aPublikacje naukowe
388 1 _a1901-2000
388 1 _a1945-1989
490 1 _aPrace Naukowe / Politechnika Warszawska. Mechanika,
_x0137-2335 ;
_vz. 70
504 _aBibliografia na stronach 155-160.
546 _aStreszczenie w języku rosyjskim i angielskim.
650 7 _aInżynieria powierzchni
_2DBN
650 7 _aMaszyny
_2DBN
650 7 _aPomiary
_2DBN
650 7 _aTechnologia
_2DBN
655 7 _aMonografia
658 _aInżynieria i technika
710 2 _aOficyna Wydawnicza Politechniki Warszawskiej
_4pbl
830 0 _aPrace Naukowe - Politechnika Warszawska.
_pMechanika
_vz. 70
856 _uhttps://koha.tu.koszalin.pl/cgi-bin/koha/opac-detail.pl?biblionumber=19323
_yKatalog online BPK
942 _2UKD
_cKS
999 _c19323
_d19323